Chorwaccy sportowcy - nagła śmierć - Statystyki

Ogólne statystyki
  • Ten quiz został rozwiązany 56 razy
  • Średni wynik to 5 z 10
Answers on the Grid
Answers color-coded by a green-red scale on the quiz's grid according to % correct below.
Luka Modrić
Anze Lanisek
Luka Dončić
Janica Kostelić
Nemanja Vidić
Dražen Petrović
Davor Šuker
Edin Džeko
Mario Mandžukić
Domen Prevc
Dušan Tadić
Petra Majdić
Ivan Rakitić
Goran Ivanišević
Goran Dragić
Marin Čilić
Novak Đoković
Ivan Perišić
Igor Akinfiejew
Manuel Štrlek
 
Statystyki odpowiedzi
Odpowiedź % Poprawnych
Luka Modrić
100%
Ivan Rakitić
73%
Davor Šuker
70%
Ivan Perišić
65%
Mario Mandžukić
60%
Marin Čilić
48%
Janica Kostelić
40%
Dražen Petrović
28%
Goran Ivanišević
28%
Manuel Štrlek
23%
Nie znaleziono quizów pasujących do podanych kryteriów
Rozkład punktacji
Procent ludzi z każdym wynikiem
Percentyl według liczby udzielonych odpowiedzi
Twoja historia wyników
Nie rozwiązałeś tego quizu